000
00202nam a2200109Ia 4500
100
_a
#N/A
942
_c
BK
654
_a
role of humour
245
_a
Humour at Work
260
_b
#N/A
546
_a
ENGLISH
999
_c
24711
_d
24711